000 00345 a2200169 4500
001 195399
020 _a978-85-7153-287-8
040 _cMagnum
100 _aMessías, Adriano
240 1 0 _aAlice de a a z
_l
245 1 0 _aAlice de a a z
300 _a68
362 0 _a2012
440 1 _aRHJ
697 _aLITERATURA JUVENIL
942 _cBK
999 _c195399
_d195399